Nursing in today's world : (Record no. 10847)
[ view plain ]
| 000 -LEADER | |
|---|---|
| fixed length control field | 02467cam a22004694a 4500 |
| 001 - CONTROL NUMBER | |
| control field | 14900147 |
| 005 - DATE AND TIME OF LATEST TRANSACTION | |
| control field | 20160503123747.0 |
| 008 - FIXED-LENGTH DATA ELEMENTS--GENERAL INFORMATION | |
| fixed length control field | 070620s2008 paua b 001 0 eng |
| 010 ## - LIBRARY OF CONGRESS CONTROL NUMBER | |
| LC control number | 2007025959 |
| 016 7# - NATIONAL BIBLIOGRAPHIC AGENCY CONTROL NUMBER | |
| Record control number | 101309945 |
| Source | DNLM |
| 020 ## - INTERNATIONAL STANDARD BOOK NUMBER | |
| International Standard Book Number | 9780781765251 |
| 020 ## - INTERNATIONAL STANDARD BOOK NUMBER | |
| International Standard Book Number | 0781765250 |
| 035 ## - SYSTEM CONTROL NUMBER | |
| System control number | (OCoLC)ocn145941121 |
| 035 ## - SYSTEM CONTROL NUMBER | |
| System control number | (OCoLC)145941121 |
| Canceled/invalid control number | (OCoLC)154670361 |
| 040 ## - CATALOGING SOURCE | |
| Original cataloging agency | DNLM/DLC |
| Transcribing agency | DLC |
| Modifying agency | NLM |
| -- | BAKER |
| -- | BTCTA |
| -- | C#P |
| -- | YDXCP |
| -- | DLC |
| 042 ## - AUTHENTICATION CODE | |
| Authentication code | pcc |
| 043 ## - GEOGRAPHIC AREA CODE | |
| Geographic area code | n-us--- |
| 050 00 - LIBRARY OF CONGRESS CALL NUMBER | |
| Classification number | RT82 |
| Item number | .E45 2008 |
| 060 00 - NATIONAL LIBRARY OF MEDICINE CALL NUMBER | |
| Classification number | 2007 L-719 |
| 060 10 - NATIONAL LIBRARY OF MEDICINE CALL NUMBER | |
| Classification number | WY 16 |
| Item number | E47n 2008 |
| 082 00 - DEWEY DECIMAL CLASSIFICATION NUMBER | |
| Classification number | 610.73 |
| Edition number | 22 |
| Item number | ELL NR |
| 100 1# - MAIN ENTRY--PERSONAL NAME | |
| Personal name | Ellis, Janice Rider. |
| 9 (RLIN) | 23188 |
| 245 10 - TITLE STATEMENT | |
| Title | Nursing in today's world : |
| Remainder of title | Trends, issues, & management / |
| Statement of responsibility, etc | Janice Rider Ellis, Celia Love Hartley ; illustrations by Tomm Scalera. |
| 250 ## - EDITION STATEMENT | |
| Edition statement | 9th ed. |
| 260 ## - PUBLICATION, DISTRIBUTION, ETC. (IMPRINT) | |
| Place of publication, distribution, etc | Philadelphia : |
| Name of publisher, distributor, etc | Wolters Kluwer Health/Lippincott Williams & Wilkins, |
| Date of publication, distribution, etc | c2008. |
| 300 ## - PHYSICAL DESCRIPTION | |
| Extent | xii, 644 p. : |
| Other physical details | ill. (chiefly col.) ; |
| Dimensions | 23 cm. |
| 504 ## - BIBLIOGRAPHY, ETC. NOTE | |
| Bibliography, etc | Includes bibliographical references and index. |
| 505 0# - FORMATTED CONTENTS NOTE | |
| Formatted contents note | Understanding the health care environment and its financing -- The political process in society and in nursing organizations -- The nursing profession and the community -- Exploring the growth of nursing as a profession -- Educational preparation for nursing -- Nursing for the future -- Credentials for health care providers -- Legal responsibilities for practice -- Ethical concerns in nursing practice -- Bioethical issues in health care -- Understanding the world of health care employment -- Initiating the leadership and management role -- Working with others for patient care -- Leading change and managing conflict -- Making professional goals a reality -- Facing the challenges of today's workplace. |
| 650 #0 - SUBJECT ADDED ENTRY--TOPICAL TERM | |
| Topical term or geographic name as entry element | Nursing. |
| 9 (RLIN) | 23189 |
| 650 #0 - SUBJECT ADDED ENTRY--TOPICAL TERM | |
| Topical term or geographic name as entry element | Nursing |
| General subdivision | Practice. |
| 9 (RLIN) | 23190 |
| 650 12 - SUBJECT ADDED ENTRY--TOPICAL TERM | |
| Topical term or geographic name as entry element | Nursing |
| General subdivision | trends. |
| 9 (RLIN) | 23192 |
| 650 22 - SUBJECT ADDED ENTRY--TOPICAL TERM | |
| Topical term or geographic name as entry element | Ethics, Nursing. |
| 9 (RLIN) | 23193 |
| 650 22 - SUBJECT ADDED ENTRY--TOPICAL TERM | |
| Topical term or geographic name as entry element | Legislation, Nursing. |
| 9 (RLIN) | 23194 |
| 650 22 - SUBJECT ADDED ENTRY--TOPICAL TERM | |
| Topical term or geographic name as entry element | Nursing Care |
| General subdivision | organization & administration. |
| 9 (RLIN) | 23195 |
| 650 22 - SUBJECT ADDED ENTRY--TOPICAL TERM | |
| Topical term or geographic name as entry element | Nursing Care |
| General subdivision | trends. |
| 9 (RLIN) | 23196 |
| 650 #0 - SUBJECT ADDED ENTRY--TOPICAL TERM | |
| 9 (RLIN) | 23191 |
| Topical term or geographic name as entry element | Nursing |
| Geographic subdivision | United States |
| 700 1# - ADDED ENTRY--PERSONAL NAME | |
| Personal name | Hartley, Celia Love. |
| 9 (RLIN) | 23197 |
| 856 42 - ELECTRONIC LOCATION AND ACCESS | |
| Materials specified | Publisher description |
| Uniform Resource Identifier | <a href="http://www.loc.gov/catdir/enhancements/fy0730/2007025959-d.html">http://www.loc.gov/catdir/enhancements/fy0730/2007025959-d.html</a> |
| 856 41 - ELECTRONIC LOCATION AND ACCESS | |
| Materials specified | Table of contents only |
| Uniform Resource Identifier | <a href="http://www.loc.gov/catdir/enhancements/fy0829/2007025959-t.html">http://www.loc.gov/catdir/enhancements/fy0829/2007025959-t.html</a> |
| 942 ## - ADDED ENTRY ELEMENTS (KOHA) | |
| Source of classification or shelving scheme | Dewey Decimal Classification |
| Item type | Book - Borrowing |
| Withdrawn status | Item status | Source of classification or shelving scheme | Damaged status | Not for loan | Vendor | Home library | Current library | Shelving location | Date acquired | Source of acquisition | Cost, normal purchase price | Serial Enumeration / chronology | Total Checkouts | Total Renewals | Full call number | Barcode | Date last seen | Date last borrowed | Koha item type |
|---|---|---|---|---|---|---|---|---|---|---|---|---|---|---|---|---|---|---|---|
| Dewey Decimal Classification | Central Library | Central Library | First floor | 16/02/2009 | 318.00 | 0922 | 13 | 40 | 610.73 ELL NR | 000014758 | 15/07/2025 | 26/10/2021 | Book - Borrowing |